| 000 | 00449nam a2200193Ia 4500 | ||
|---|---|---|---|
| 003 | OSt | ||
| 005 | 20251117094623.0 | ||
| 008 | 250729s2005 xx 000 0 und d | ||
| 040 | _cAL | ||
| 041 | _aeng | ||
| 082 | _a375 MARP | ||
| 100 |
_aEdiger Marlow _9224420 |
||
| 245 | _aPsychology & curriculum | ||
| 260 |
_aNew Delhi _c2005 |
||
| 300 | _a232p | ||
| 650 |
_aPsychology _9224421 |
||
| 700 |
_aRao Digumurthi _9224422 |
||
| 942 |
_2ddc _cBED |
||
| 999 |
_c236397 _d236397 |
||